000
00314nam a2200121Ia 4500
008
210430s9999 xx 000 0 und d
082
_a
832L638N
100
_a
Lessing, Gotthold Ephraim
245
_a
Nathan the wise
_c
Lessing, Gotthold Ephraim
260
_a
islamabad
_c
2012
300
_a
175p.
942
_c
BK
_2
ddc
999
_c
565959
_d
565959